000 00660nam a22001937a 4500
005 20251108165815.0
008 250721s1972 xx 000 0 ara d
082 1 4 _aم/509/سار
100 1 _aسارتون، جورج
245 1 0 _aتاريخ العلم : العلم القديم في العصر الذهبي لليونان /
250 _aط 2
264 1 _aالقاهرة :
_bدار المعارف،
_c1972.
300 _a6ج : مص
500 _aنشر هذا الكتاب بالأشتراك مع مؤسسة فرانكلين للطباعة والنشر
650 1 7 _aالعلم
650 1 7 _aالتاريخ
942 _2ddc
_cREF
999 _c31803
_d31803